|
|
|
|
| LEADER |
00878nam a2200337 4500 |
| 001 |
DLU110120794 |
| 005 |
##20110506 |
| 008 |
##811102s1981 nyu 001 1 eng |
| 010 |
# |
# |
|a 81018792
|
| 020 |
# |
# |
|a 0393951820
|
| 035 |
# |
# |
|9 (DLC) 81018792
|
| 040 |
# |
# |
|a DLC
|c DLC
|d DLC
|
| 082 |
# |
# |
|a 808.83
|b Nor
|
| 245 |
# |
# |
|a The Norton anthology of short fiction /
|c [compiled by] R.V. Cassill.
|
| 250 |
# |
# |
|a 2nd ed., shorter.
|
| 260 |
# |
# |
|a New York :
|b Norton,
|c c1981.
|
| 300 |
# |
# |
|a xxix, 720 p. ;
|c 23 cm.
|
| 500 |
# |
# |
|a Includes index.
|
| 650 |
# |
# |
|a Short stories.
|
| 700 |
# |
# |
|a Cassill, R. V.
|q (Ronald Verlin),
|d 1919-2002.
|
| 923 |
# |
# |
|a 01/2011NN
|
| 991 |
# |
# |
|a GT
|
| 992 |
# |
# |
|a 0
|
| 994 |
# |
# |
|a KNN
|
| 900 |
# |
# |
|a True
|
| 911 |
# |
# |
|a Đào Thị Thu Huyền
|
| 925 |
# |
# |
|a G
|
| 926 |
# |
# |
|a A
|
| 927 |
# |
# |
|a SH
|
| 980 |
# |
# |
|a Thư viện Trường Đại học Đà Lạt
|